00487nam a22001697a 450000500170000001000300001702000260004703500170007303500130009003700150010308200110011810000250012924500520015426000440020627000460025030000210029620151117110705.0 aG-002151-181 ENG-114049 a9788176212472c250.00 aG-002151-181 aEN-97581 bGift Books a230.42 aBharucha, Ruzbeh N.  aThe Aum of all things /cby Ruzbeh N. Bharucha aNew DelhibFull Circle Publishingc2013 aJ-40, Jhorbagh Lane, bNew Delhie110003  a237p.c22cm(pbk)